| 000 | 00802cam1a220025300 4500 | ||
|---|---|---|---|
| 001 | qce01767762 | ||
| 005 | 20190816094138.0 | ||
| 008 | 750717s1959 enk 000 0 eng u | ||
| 010 | _a 59002870 /L | ||
| 035 | _a(Sirsi) r81426 | ||
| 035 | _a(QCAT)lss00902578 | ||
| 035 | _a(UPRA)qce01767762 | ||
| 040 | _dUPRA | ||
| 082 | _a347.40942 | ||
| 100 | 1 |
_cSir, d8.1..22.10 _6A41193.1 |
|
| 245 | 1 | 4 | _aThe sanctity of contracts in English law. |
| 260 |
_aLondon : _bStevens, _c1959. |
||
| 490 | 0 |
_aThe Hamlyn lectures, 10th ser _6S22039.1 |
|
| 500 | _aPublished under the auspices of the Hamlyn Trust. | ||
| 504 | _aIncludes bibliographies. | ||
| 650 | 0 |
_aContracts -- Great Britain. _zContracts -- Great Britain. _6S2656.1 |
|
| 949 |
_aKD130 _wlcc _i-112779 _mMAIN _tBOOK _lON-SHELF |
||
| 004 | 81426 | ||
| 999 |
_c82987 _d82987 |
||